00270nam a22000977a 450000500170000000800410001702000150005804000080007324500410008126000500012220201001160802.0201001b ||||| |||| 00| 0 eng d a0883435640 cCML aBuilding English Skills.cBell, K.L. aEvanstonbMcDougal, Littell and Companyc1976